Políticas y prácticas pedagógicas : las competencias en TIC en educación.

Guardat en:
Dades bibliogràfiques
Autor principal: Caballero Prieto, Piedad (autor)
Format: Llibre
Idioma:espanyol
Matèries:
Etiquetes: Afegir etiqueta
Sense etiquetes, Sigues el primer a etiquetar aquest registre!

MARC

LEADER 00000nam^a2200000^u^4500
001 000508338
005 20250521000000.0
008 090716s1000^^^^^^^^^^^^r^^^^^000^0^spa^d
009 20260526151303.379
022 |a 9789588316345 
035 |a FCE 000052545 
037 |a Acervo ITESO - Biblioteca 
041 |a spa 
082 0 4 |a 371.3078  |b CABp 
100 |a Caballero Prieto, Piedad  |e (autor) 
245 1 0 |a Políticas y prácticas pedagógicas :  |b las competencias en TIC en educación. 
264 |a Bogotá :  |b Universidad Pedagógica Nacional,  |c 2007. 
300 |a 142 p. 
336 |a texto  |b txt  |2 rdacontenido 
337 |a sin mediación  |b n  |2 rdamedio 
338 |a volumen  |b nc  |2 rdasoporte 
649 |a XX 
650 |a Sistema educativo 
650 |a Innovación educativa 
650 |a Competencias 
650 |a Políticas educativas 
650 |a Práctica pedagógica 
650 |a Tecnologías de la información y la comunicación (TIC) 
650 |a Colombia 
910 |a Fondo Centro de Estudios Educativos 
920 |a Impresos - Libros 
930 |a Fondos Especiales 
905 |a 133 
901 |a ALE066901  |b IT2  |c CEE  |u 20250521 
902 |a https://opac.biblio.iteso.mx/vufind/Record/000508338